000 00527nam a2200157 a 4500
001 000031120
005 20200930062722.0
008 110613s1995 dr a 000 0 spa d
040 _aDO-SdBNP
_bspa
_cBNPHU
082 _axxxx
_bR426m
110 1 _aRepública Dominicana.
_bVeterinarios sin Fronteras
_957587
245 1 0 _aManual de crianza y enfermedades de los cerdos.
260 _aSanto Domingo :
_bCentro de Solidaridad para el Desarrollo de la Mujer (Ce-Mujer),
_c1995.
300 _a28 p. :
_bil. ;
_c27 cm.
049 _aBNPD
999 _c30612
_d30612